<?xml version="1.0" encoding="UTF-8"?>
<record
    xmlns:xsi="http://www.w3.org/2001/XMLSchema-instance"
    xsi:schemaLocation="http://www.loc.gov/MARC21/slim http://www.loc.gov/standards/marcxml/schema/MARC21slim.xsd"
    xmlns="http://www.loc.gov/MARC21/slim">

  <leader>02444nam a2200409 i 4500</leader>
  <controlfield tag="001">000003750</controlfield>
  <controlfield tag="003">DO-SdBNP</controlfield>
  <controlfield tag="005">20250901080419.0</controlfield>
  <controlfield tag="007">ta</controlfield>
  <controlfield tag="008">090713s2005    dr ab   r     001 0 spa d</controlfield>
  <datafield tag="040" ind1=" " ind2=" ">
    <subfield code="a">DO-SdBNP</subfield>
    <subfield code="b">spa</subfield>
    <subfield code="c">BNPHU</subfield>
  </datafield>
  <datafield tag="041" ind1=" " ind2=" ">
    <subfield code="a">sp</subfield>
  </datafield>
  <datafield tag="082" ind1=" " ind2=" ">
    <subfield code="a">362.5</subfield>
    <subfield code="b">F652p</subfield>
    <subfield code="2">22</subfield>
  </datafield>
  <datafield tag="245" ind1="0" ind2="0">
    <subfield code="a">Focalizaci&#xF3;n de la pobreza en la Rep&#xFA;blica Dominicana 2005 :</subfield>
    <subfield code="b">informe general /</subfield>
    <subfield code="c">investigador y redactor Antonio Morillo P&#xE9;rez ; investigadores Andr&#xE9;s Guerrero Arias, Yasiris Alc&#xE1;ntara Rosario ; pr&#xF3;logo Carolina Anstey, Elema Mart&#xED;nez ; presentaci&#xF3;n Juan Temistocles Mont&#xE1;s.</subfield>
  </datafield>
  <datafield tag="264" ind1=" " ind2=" ">
    <subfield code="a">Santo Domingo :</subfield>
    <subfield code="b">PNUD;</subfield>
    <subfield code="b">Banco Mundial,</subfield>
    <subfield code="c">2005.</subfield>
  </datafield>
  <datafield tag="300" ind1=" " ind2=" ">
    <subfield code="a">xxiv, 615 p&#xE1;ginas :</subfield>
    <subfield code="b">ilustraciones, gr&#xE1;ficas, mapas. ;</subfield>
    <subfield code="c">22 cm.</subfield>
  </datafield>
  <datafield tag="336" ind1=" " ind2=" ">
    <subfield code="a">rdacontent</subfield>
    <subfield code="b">texto</subfield>
    <subfield code="2">txt</subfield>
  </datafield>
  <datafield tag="337" ind1=" " ind2=" ">
    <subfield code="a">rdamedia</subfield>
    <subfield code="b">sin mediaci&#xF3;n</subfield>
    <subfield code="2">n</subfield>
  </datafield>
  <datafield tag="338" ind1=" " ind2=" ">
    <subfield code="a">rdacarrier</subfield>
    <subfield code="b">volumen</subfield>
    <subfield code="2">nc</subfield>
  </datafield>
  <datafield tag="500" ind1=" " ind2=" ">
    <subfield code="a">Incluye anexos</subfield>
  </datafield>
  <datafield tag="500" ind1=" " ind2=" ">
    <subfield code="a">Incluye ap&#xE9;ndice estad&#xED;stico</subfield>
  </datafield>
  <datafield tag="504" ind1=" " ind2=" ">
    <subfield code="a">Bibliograf&#xED;a : p. 97-98</subfield>
  </datafield>
  <datafield tag="505" ind1="0" ind2=" ">
    <subfield code="a">Lista de siglas -- &#xCD;ndice de cuadros -- &#xCD;ndice de gr&#xE1;ficos -- &#xCD;ndice de mapas -- Pr&#xF3;logo -- Presentaci&#xF3;n -- Resumen ejecutivo -- Introducci&#xF3;n -- Aspectos metodol&#xF3;gicos -- Los datos -- Las variables iniciales y sus transformaciones -- Las variables y dimensiones del modelo -- Los coeficientes de ponderaci&#xF3;n de las variables y dimensiones -- El modelo de ponderadores del 2002 -- Categorizaci&#xF3;n del &#xED;ndice de calidad de vida (ICV) -- Resultados del modelo -- El promedio del &#xED;ndice de calidad de vida (ICV) -- An&#xE1;lisis seg&#xFA;n categor&#xED;as del ICV -- Priorizaci&#xF3;n de las &#xE1;reas geogr&#xE1;ficas -- M&#xE9;todo de priorizaci&#xF3;n -- Resultados de la priorizaci&#xF3;n -- Las necesidades insatisfechas de los pobres -- Bibliograf&#xED;a -- Anexos -- Ap&#xE9;ndice estad&#xED;stico.</subfield>
  </datafield>
  <datafield tag="590" ind1=" " ind2=" ">
    <subfield code="a">Inventariado, 2018/BT</subfield>
  </datafield>
  <datafield tag="650" ind1=" " ind2="4">
    <subfield code="a">Pobreza</subfield>
    <subfield code="x">Investigaciones</subfield>
    <subfield code="z">Rep&#xFA;blica Dominicana</subfield>
    <subfield code="9">11409</subfield>
  </datafield>
  <datafield tag="650" ind1=" " ind2="4">
    <subfield code="a">Pobreza</subfield>
    <subfield code="v">ESTAD&#xCD;STICAS</subfield>
    <subfield code="z">Rep&#xFA;blica Dominicana</subfield>
    <subfield code="9">11410</subfield>
  </datafield>
  <datafield tag="651" ind1=" " ind2="4">
    <subfield code="a">Rep&#xFA;blica Dominicana</subfield>
    <subfield code="x">Condiciones Sociales</subfield>
    <subfield code="9">46</subfield>
  </datafield>
  <datafield tag="700" ind1="1" ind2="2">
    <subfield code="a">Morillo P&#xE9;rez, Antonio</subfield>
    <subfield code="9">11393</subfield>
  </datafield>
  <datafield tag="700" ind1="1" ind2="2">
    <subfield code="a">Guerrero Arias, Andr&#xE9;s</subfield>
    <subfield code="9">11394</subfield>
  </datafield>
  <datafield tag="700" ind1="1" ind2="2">
    <subfield code="a">Alc&#xE1;ntara Rosario, Yasiris</subfield>
    <subfield code="9">11411</subfield>
  </datafield>
  <datafield tag="700" ind1="1" ind2="2">
    <subfield code="a">Anstey, Carolina,</subfield>
    <subfield code="e">pr&#xF3;l.</subfield>
    <subfield code="9">11412</subfield>
  </datafield>
  <datafield tag="700" ind1="1" ind2="2">
    <subfield code="a">Mart&#xED;nez, Elena,</subfield>
    <subfield code="e">pr&#xF3;l.</subfield>
    <subfield code="9">11413</subfield>
  </datafield>
  <datafield tag="700" ind1="1" ind2="2">
    <subfield code="a">Mont&#xE1;s, Juan Tem&#xED;stocles </subfield>
    <subfield code="d">1950-</subfield>
    <subfield code="9">79676</subfield>
  </datafield>
  <datafield tag="710" ind1="2" ind2=" ">
    <subfield code="a">Programa de las Naciones Unidas para el Desarrollo</subfield>
    <subfield code="9">187</subfield>
  </datafield>
  <datafield tag="910" ind1=" " ind2=" ">
    <subfield code="a">Validado. Control de calidad. MMOLINA</subfield>
  </datafield>
  <datafield tag="942" ind1=" " ind2=" ">
    <subfield code="2">ddc</subfield>
    <subfield code="c">LBS1</subfield>
  </datafield>
  <datafield tag="952" ind1=" " ind2=" ">
    <subfield code="0">0</subfield>
    <subfield code="1">0</subfield>
    <subfield code="2">ddc</subfield>
    <subfield code="5">6</subfield>
    <subfield code="7">0</subfield>
    <subfield code="8">DS</subfield>
    <subfield code="a">BNPHU</subfield>
    <subfield code="b">BNPHU</subfield>
    <subfield code="c">HD</subfield>
    <subfield code="d">2011-03-23</subfield>
    <subfield code="l">0</subfield>
    <subfield code="o">BNPHU DS 362.5 F652p</subfield>
    <subfield code="p">3750-50</subfield>
    <subfield code="r">2020-06-25</subfield>
    <subfield code="t">e.5</subfield>
    <subfield code="w">2020-06-25</subfield>
    <subfield code="y">LBS1</subfield>
    <subfield code="z">Consejo Nacional de Competitividad</subfield>
    <subfield code="Z">Pr&#xE9;stamo en sala</subfield>
  </datafield>
  <datafield tag="952" ind1=" " ind2=" ">
    <subfield code="0">0</subfield>
    <subfield code="1">0</subfield>
    <subfield code="2">ddc</subfield>
    <subfield code="5">6</subfield>
    <subfield code="7">0</subfield>
    <subfield code="8">DS</subfield>
    <subfield code="a">BNPHU</subfield>
    <subfield code="b">BNPHU</subfield>
    <subfield code="c">HD</subfield>
    <subfield code="d">2011-03-23</subfield>
    <subfield code="l">0</subfield>
    <subfield code="o">BNPHU DS 362.5 R426f</subfield>
    <subfield code="p">3750-30</subfield>
    <subfield code="r">2020-06-25</subfield>
    <subfield code="t">e.3</subfield>
    <subfield code="w">2020-06-25</subfield>
    <subfield code="y">LBS1</subfield>
    <subfield code="Z">Pr&#xE9;stamo en sala</subfield>
  </datafield>
  <datafield tag="952" ind1=" " ind2=" ">
    <subfield code="0">0</subfield>
    <subfield code="1">0</subfield>
    <subfield code="2">ddc</subfield>
    <subfield code="5">6</subfield>
    <subfield code="7">0</subfield>
    <subfield code="8">DS</subfield>
    <subfield code="a">BNPHU</subfield>
    <subfield code="b">BNPHU</subfield>
    <subfield code="c">HD</subfield>
    <subfield code="d">2011-03-23</subfield>
    <subfield code="l">0</subfield>
    <subfield code="o">BNPHU DS 362.5 R426f</subfield>
    <subfield code="p">3750-40</subfield>
    <subfield code="r">2020-06-25</subfield>
    <subfield code="t">e.4</subfield>
    <subfield code="w">2020-06-25</subfield>
    <subfield code="y">LBS1</subfield>
    <subfield code="Z">Pr&#xE9;stamo en sala</subfield>
  </datafield>
  <datafield tag="952" ind1=" " ind2=" ">
    <subfield code="0">0</subfield>
    <subfield code="1">0</subfield>
    <subfield code="2">ddc</subfield>
    <subfield code="5">1</subfield>
    <subfield code="7">0</subfield>
    <subfield code="8">PD</subfield>
    <subfield code="a">BNPHU</subfield>
    <subfield code="b">BNPHU</subfield>
    <subfield code="c">HD</subfield>
    <subfield code="d">2009-07-13</subfield>
    <subfield code="l">0</subfield>
    <subfield code="o">BNPHU PD 362.5 R426f</subfield>
    <subfield code="p">3750-10</subfield>
    <subfield code="r">2020-06-25</subfield>
    <subfield code="w">2020-06-25</subfield>
    <subfield code="y">LBS1</subfield>
    <subfield code="Z">No se presta</subfield>
  </datafield>
  <datafield tag="952" ind1=" " ind2=" ">
    <subfield code="0">0</subfield>
    <subfield code="1">0</subfield>
    <subfield code="2">ddc</subfield>
    <subfield code="5">1</subfield>
    <subfield code="7">0</subfield>
    <subfield code="8">PD</subfield>
    <subfield code="a">BNPHU</subfield>
    <subfield code="b">BNPHU</subfield>
    <subfield code="c">HD</subfield>
    <subfield code="d">2009-07-13</subfield>
    <subfield code="l">0</subfield>
    <subfield code="o">BNPHU PD 362.5 R426f</subfield>
    <subfield code="p">3750-20</subfield>
    <subfield code="r">2020-06-25</subfield>
    <subfield code="t">e.2</subfield>
    <subfield code="w">2020-06-25</subfield>
    <subfield code="y">LBS1</subfield>
    <subfield code="Z">No se presta</subfield>
  </datafield>
  <datafield tag="999" ind1=" " ind2=" ">
    <subfield code="c">3572</subfield>
    <subfield code="d">3572</subfield>
  </datafield>
</record>
